| 000 | 00656nam a2200205 i 4500 | ||
|---|---|---|---|
| 001 | 91234 | ||
| 003 | ES-MaACL | ||
| 005 | 20251209063023.0 | ||
| 007 | t| | ||
| 008 | 050128s1980 fr |||| | spa d | ||
| 020 | _a84-85361-17-2 | ||
| 100 | 1 |
_aLetamendia Belzunce, Francisco, _d1944- _9165051 |
|
| 245 | 1 | 0 |
_aBreve historia de Euskadi _b: de la prehistoria a nuestros días / _cFrancisco Letamendia Belzunce. |
| 260 |
_a[París] : _bRuedo Ibérico, _c[1980] |
||
| 300 |
_a374 p. ; _c21 cm. |
||
| 651 | 4 |
_aPaís Vasco- _xHistoria. _99152 |
|
| 710 | 2 |
_aÉditions Ruedo ibérico. _9145333 |
|
| 852 |
_aES-MaACL _jL-2824 |
||
| 999 |
_c91234 _d91234 |
||